Der groke Krieg in Feld und Heimat (Record no. 6022)

MARC details
000 -CABECERA
campo de control de longitud fija 00632nam a2200217 a 4500
001 - NÚMERO DE CONTROL
campo de control BRCA_6336
005 - FECHA Y HORA DE LA ÚLTIMA TRANSACCIÓN
campo de control 20190320205422.0
008 - DATOS DE LONGITUD FIJA--INFORMACIÓN GENERAL
campo de control de longitud fija 120811s1921----gw-#######---#000-0#ger-#
041 ## - CÓDIGO DE LENGUA
Código de lengua del texto/banda sonora o título independiente ger
044 ## - CÓDIGO DEL PAÍS DE LA ENTIDAD EDITORA/PRODUCTORA
Código MARC del país gw
050 #4 - SIGNATURA TOPOGRÁFICA DE LA BIBLIOTECA DEL CONGRESO
Número de clasificación D531
Número de documento/Ítem .B28 1921
100 1# - ENTRADA PRINCIPAL--NOMBRE DE PERSONA
Nombre de persona Bauer, Max
Fechas asociadas al nombre 1869-1929
9 (RLIN) 15889
245 10 - MENCIÓN DE TÍTULO
Título Der groke Krieg in Feld und Heimat
Resto del título erinnerungen und betrachtungen
Mención de responsabilidad, etc. von oberst Bauer.
260 ## - PUBLICACIÓN, DISTRIBUCIÓN, ETC.
Lugar de publicación, distribución, etc. Tubinga
Nombre del editor, distribuidor, etc. Osiander
Fecha de publicación, distribución, etc. 1921
300 ## - DESCRIPCIÓN FÍSICA
Extensión xv, 323 p.
Dimensiones 24 cm.
500 ## - NOTA GENERAL
Nota general K74
650 14 - PUNTO DE ACCESO ADICIONAL DE MATERIA--TÉRMINO DE MATERIA
Término de materia o nombre geográfico como elemento de entrada Guerra mundial, 1914-1918
Subdivisión geográfica Alemania
9 (RLIN) 15890
650 14 - PUNTO DE ACCESO ADICIONAL DE MATERIA--TÉRMINO DE MATERIA
Término de materia o nombre geográfico como elemento de entrada Guerra mundial, 1914-1918
Subdivisión general Campañas
9 (RLIN) 15891
902 ## - CATALOGADOR
Iniciales GFM
942 ## - ELEMENTOS DE PUNTO DE ACCESO ADICIONAL (KOHA)
Fuente del sistema de clasificación o colocación Library of Congress Classification
Tipo de ítem Koha Libros
Holdings
Estado de retiro Estado de pérdida Estado dañado No para préstamo Localización permanente Ubicación/localización actual Fecha de adquisición Número de inventario Total de préstamos Signatura topográfica completa Código de barras Fecha visto por última vez Precio válido a partir de Tipo de ítem Koha
El ejemplar forma parte de la colección y puede ser consultado según las políticas vigentes.       Biblioteca del Museo Franz Mayer (Rogerio Casas-Alatriste) Biblioteca del Museo Franz Mayer (Rogerio Casas-Alatriste) 12/08/2011 K74   D531 .B28 1921 (K74) 6783 22/03/2019 22/03/2019 Libros